Termeléstervezés egy elsőszintű autóipari beszállítónál – a HI-LEX Hungary-nél

Bibliographic Details
Main Author: Kovács Fatima Bernadett
Other Authors: Domboróczky Dr. Zoltán
Format: Project work
Kulcsszavak:digitalizáció
környezetvédelem
kutatás
logisztika
termeléstervezés
Online Access:http://dolgozattar.uni-bge.hu/59935

MARC

LEADER 00000nnm a2200000 i 4500
001 dolg59935
005 20260409145751.0
008 260409suuuu hu o 000 hun d
040 |a BGE Dolgozattár Repozitórium  |b hun 
041 |a hu 
100 1 |a Kovács Fatima Bernadett 
245 1 0 |a Termeléstervezés egy elsőszintű autóipari beszállítónál – a HI-LEX Hungary-nél  |c Kovács Fatima Bernadett  |h [elektronikus dokumentum] 
516 |a Project_work 
520 3 |a Dolgozatom célja, hogy bemutassam a termeléstervezés fontosabb elemeit, hogy milyen főbb termeléstervezési modellek vannak, készletezési költségek csökkentésének a módszereit, a beszállítói láncok problémáinak a hatása és ezeknek a megoldása, a fenntarthatóság és a környezetvédelem szerepe, hogyan befolyásolja digitalizáció és az ipar 4.0-a modell, valamint milyen szerepet játszanak a vevői portálok ebben. Kitérek a cég bemutatására, az egész cég és a logisztikai szervezet felépítésére, a termeléstervezés folyamatára, a jövőbeli fejlesztéseire, a környezetvédelmi és fenntarthatósági fejlesztéseire, az alapvető fogalmakra és a céget beszeretném bemutatni a SWOT-elemzésen keresztül. 
695 |a digitalizáció 
695 |a környezetvédelem 
695 |a kutatás 
695 |a logisztika 
695 |a termeléstervezés 
700 1 |a Domboróczky Dr. Zoltán  |e ths 
856 4 0 |u http://dolgozattar.uni-bge.hu/59935/1/szakdolgozat%202025%20Kov%C3%A1cs%20Fatima%20Bernadett.pdf  |z Dokumentum-elérés 
856 4 0 |u http://dolgozattar.uni-bge.hu/59935/2/Kov%C3%A1cs_Fatima_KM%20FOSZK%20b%C3%ADr%C3%A1lati%20lap.pdf  |z Dokumentum-elérés